| 000 | 00471nam a2200169Ia 4500 | ||
|---|---|---|---|
| 999 |
_c11895 _d11895 |
||
| 003 | OSt | ||
| 005 | 20201014150615.0 | ||
| 008 | 190216s9999||||xx |||||||||||||| ||und|| | ||
| 040 | _coclc | ||
| 082 |
_a891.443 _bNIR/N |
||
| 100 |
_aNirody, B S _95072 |
||
| 245 | 0 |
_aNandini / _cB S Nirody |
|
| 260 |
_bPublications Division, _c1967. _aNew delhi : |
||
| 300 | _a167p | ||
| 650 | _aEnglish Novel | ||
| 942 |
_cBK _2ddc _h891.443 _iNIR/N _k891.443 _mNIR/N |
||